000 00435nam a2200157Ia 4500
008 210210b1984 xxu||||| |||| 00| 0 eng d
020 _a33390 106 1
082 _a657.3 PARA
100 _aPARKINSON (C Northcote) and RUSTOMJI (M K).
245 _aAll about balance sheets: easy way.
260 _aMadras
_bMacmillan & Co. Ltd.
_c1984
300 _axv,115
650 _aBalance Sheets
690 _aAccountancy
906 _aSG02500
999 _c113531
_d113531